000 00414nam a2200157Ia 4500
008 230312s9999||||xx |||||||||||||| ||und||
020 _a81-7758-654-8
082 _a658.4033
_bSHA-B
100 _aSharma J.K.
245 0 _aBusiness Statistics
260 _bPearson Education
_aDelhi
_c2008
300 _a732
546 _aEng.
650 _aManagement
_vReason for Learning statistics , Need for Data
942 _cBK
999 _c4536
_d4536